[Event "Saint John op-2"]
[Site "Saint John CAN"]
[Date "1988.??.??"]
[Round "?"]
[White "Lalic, Bogdan"]
[Black "Levitt, Jonathan"]
[Result "0-1"]
[WhiteElo "2495"]
[BlackElo "2440"]
[PlyCount "84"]
[GameId "2160767912586785"]
[EventDate "1988.02.08"]
[EventType "swiss"]
[EventRounds "9"]
[EventCountry "CAN"]
[SourceTitle "CBM 06"]

1. d4 Nf6 2. c4 e6 3. Nf3 b6 4. Nc3 Bb4 5. Qc2 Bb7 6. a3 Bxc3+ 7. Qxc3 O-O 8. e3 a5 9. b3 Ne4 10. Qc2 f5 11. Bb2 d6 12. Bd3 Nd7 13. O-O-O Qe7 14. Rhe1 a4 15. b4 b5 16. cxb5 Bd5 17. Qe2 Bb3 18. Bc2 Nb6 19. Bxb3 axb3 20. Kb1 Rxa3 21. Rd3 Na4 22. Bxa3 Nac3+ 23. Kb2 Nxe2 24. Rxe2 Qd7 25. Rxb3 Qxb5 26. Rc2 Rc8 27. g3 g5 28. h4 h6 29. hxg5 hxg5 30. Ne1 Nf6 31. Nf3 Ne4 32. Ne1 Kf7 33. Nd3 Nf6 34. Kb1 Nd5 35. Bc1 g4 36. Nb2 Ra8 37. Rc4 Ke7 38. Bd2 Kd7 39. Rd3 Qa6 40. Rb3 Qa1+ 41. Kc2 Qf1 42. Nd3 Ra2+ 0-1

[Event "Saint John op-2"]
[Site "Saint John CAN"]
[Date "1988.??.??"]
[Round "?"]
[White "Lalic, Bogdan"]
[Black "Ross, Dave"]
[Result "1/2-1/2"]
[WhiteElo "2495"]
[BlackElo "2325"]
[PlyCount "173"]
[GameId "2160767912586786"]
[EventDate "1988.02.08"]
[EventType "swiss"]
[EventRounds "9"]
[EventCountry "CAN"]
[SourceTitle "CBM 006"]
[Source "ChessBase"]
[SourceDate "2004.01.01"]
[SourceVersion "1"]
[SourceVersionDate "2004.01.01"]
[SourceQuality "1"]

1. Nf3 c5 2. g3 Nf6 3. c4 e6 4. Bg2 Nc6 5. O-O d5 6. cxd5 exd5 7. d4 Be7 8. Nc3 O-O 9. Bg5 cxd4 10. Nxd4 Re8 11. Rc1 h6 12. Bf4 Bg4 13. h3 Be6 14. Nxe6 fxe6 15. e4 d4 16. e5 dxc3 17. exf6 Bxf6 18. bxc3 Qxd1 19. Rcxd1 Rad8 20. c4 Rxd1 21. Rxd1 Rd8 22. Rxd8+ Bxd8 23. Be4 Kf7 24. Kg2 Bb6 25. Bc1 Bc5 26. f4 Na5 27. Kf3 Nxc4 28. Bxb7 Nd6 29. Ba6 Nf5 30. g4 Ne7 31. Bc4 Nc6 32. a4 Ke7 33. Ke4 Na5 34. Ba2 Nb7 35. Bb2 Nd6+ 36. Kd3 g5 37. fxg5 hxg5 38. Bc3 Kf7 39. Bb3 Ke7 40. Bd1 Kf7 41. Bf3 Ke7 42. Bc6 Kf7 43. a5 Ke7 44. Ba4 Kf7 45. Bc2 Ke7 46. Ba4 Kf7 47. Bc6 Ke7 48. Be1 Kf7 49. h4 gxh4 50. Bxh4 Bb4 51. a6 Bc5 52. Bd8 Kg6 53. Ke2 Kg7 54. Bd7 Kf7 55. Kf3 e5 56. Bc6 Ke6 57. Be4 Kd7 58. Bh4 Ke6 59. Bb1 Kf7 60. g5 Kg7 61. Be1 Nf7 62. Bd2 Nd6 63. Kg4 Nc4 64. Bc3 Bd4 65. Bb4 Ne3+ 66. Kf3 Nd5 67. Bd6 Nf4 68. Kg4 Ne6 69. Bd3 Nc5 70. Bc4 Ne4 71. Be7 Be3 72. Bd5 Bxg5 73. Bxg5 Nf6+ 74. Bxf6+ Kxf6 75. Be4 Ke6 76. Kg5 Kd6 77. Kf6 Kc7 78. Ke6 Kb6 79. Bd3 e4 80. Be2 Kc6 81. Bf1 e3 82. Ke7 e2 83. Bxe2 Kc7 84. Bf3 Kb6 85. Bb7 Kc7 86. Ke8 Kb8 87. Kd8 1/2-1/2

[Event "Saint John op-2"]
[Site "Saint John CAN"]
[Date "1988.??.??"]
[Round "?"]
[White "Lau, Ralf"]
[Black "Georgiev, Krum"]
[Result "1/2-1/2"]
[WhiteElo "2540"]
[BlackElo "2490"]
[PlyCount "27"]
[GameId "2160767912586789"]
[EventDate "1988.02.08"]
[EventType "swiss"]
[EventRounds "9"]
[EventCountry "CAN"]
[SourceTitle "CBM 06"]

1. e4 c5 2. Nf3 d6 3. d4 cxd4 4. Nxd4 Nf6 5. Nc3 a6 6. a4 e6 7. Be2 Be7 8. O-O O-O 9. a5 Nc6 10. Nb3 b5 11. axb6 Qxb6 12. Be3 Qc7 13. f4 Rd8 14. Bf3 1/2-1/2

[Event "Saint John op-2"]
[Site "Saint John CAN"]
[Date "1988.??.??"]
[Round "?"]
[White "Lein, Anatoly"]
[Black "Eingorn, Vereslav"]
[Result "1/2-1/2"]
[WhiteElo "2570"]
[BlackElo "2475"]
[PlyCount "71"]
[GameId "2160767912586793"]
[EventDate "1988.02.08"]
[EventType "swiss"]
[EventRounds "9"]
[EventCountry "CAN"]
[SourceTitle "CBM 006"]
[Source "ChessBase"]
[SourceDate "2004.01.01"]
[SourceVersion "1"]
[SourceVersionDate "2004.01.01"]
[SourceQuality "1"]

1. d4 Nf6 2. c4 e6 3. Nf3 b6 4. g3 Ba6 5. b3 Bb7 6. Bg2 Bb4+ 7. Bd2 a5 8. O-O O-O 9. Bg5 a4 10. bxa4 h6 11. Bd2 Qe7 12. Qb3 Bxd2 13. Nfxd2 Bxg2 14. Kxg2 Qd6 15. Nf3 Nc6 16. Rd1 Na5 17. Qc2 Qb4 18. Nbd2 Nc6 19. e4 Qxa4 20. Qb3 d6 21. d5 Nd8 22. Nd4 Qd7 23. a4 e5 24. Nb5 Nb7 25. Qc2 Ra6 26. Ra3 Nc5 27. f3 Rfa8 28. Rda1 Ne8 29. Nc3 Qd8 30. Nb3 Nxb3 31. Qxb3 Ra5 32. Na2 Nf6 33. Nb4 Qe8 34. Nc6 Rc5 35. a5 bxa5 36. Rxa5 1/2-1/2

[Event "Saint John op-2"]
[Site "Saint John CAN"]
[Date "1988.??.??"]
[Round "?"]
[White "Lein, Anatoly"]
[Black "Gipslis, Aivars"]
[Result "1/2-1/2"]
[WhiteElo "2475"]
[BlackElo "2505"]
[PlyCount "36"]
[GameId "2160767912586794"]
[EventDate "1988.02.08"]
[EventType "swiss"]
[EventRounds "9"]
[EventCountry "CAN"]
[SourceTitle "CBM 006"]
[Source "ChessBase"]
[SourceDate "2004.01.01"]
[SourceVersion "1"]
[SourceVersionDate "2004.01.01"]
[SourceQuality "1"]

1. d4 Nf6 2. c4 e6 3. Nc3 Bb4 4. Qc2 c5 5. dxc5 Qc7 6. Nf3 Bxc5 7. Bg5 a6 8. e3 Be7 9. Be2 d6 10. O-O Nbd7 11. Rac1 b6 12. Rfd1 Bb7 13. Qb1 O-O 14. h3 Rfe8 15. Bh4 Rac8 16. Bg3 h6 17. Nd2 Red8 18. Nde4 Nxe4 1/2-1/2

[Event "Saint John op-2"]
[Site "Saint John CAN"]
[Date "1988.??.??"]
[Round "?"]
[White "Lein, Anatoly"]
[Black "Gruenfeld, Yehuda"]
[Result "1/2-1/2"]
[WhiteElo "2475"]
[BlackElo "2550"]
[PlyCount "81"]
[GameId "2160767912586795"]
[EventDate "1988.02.08"]
[EventType "swiss"]
[EventRounds "9"]
[EventCountry "CAN"]
[SourceTitle "CBM 06"]

1. d4 Nf6 2. Nf3 g6 3. g3 Bg7 4. Bg2 O-O 5. O-O d6 6. c4 Nc6 7. Nc3 Rb8 8. h3 a6 9. Be3 Bd7 10. a4 Re8 11. a5 e5 12. d5 Ne7 13. Bc1 Nf5 14. e4 Nd4 15. Be3 Qc8 16. Nxd4 exd4 17. Bxd4 Bxh3 18. f3 c5 19. dxc6 bxc6 20. Na4 Qe6 21. Nb6 h5 22. Re1 Bxg2 23. Kxg2 Nd7 24. Bxg7 Kxg7 25. Qd4+ Kg8 26. Nxd7 Qxd7 27. Re2 Qe6 28. Rd1 Red8 29. Qc3 Rd7 30. Red2 Rbd8 31. b4 Qe7 32. Qe3 Rb8 33. c5 d5 34. Qc3 Rbd8 35. exd5 cxd5 36. Qd4 Re8 37. Rc2 Qe6 38. c6 Rd6 39. c7 Rc8 40. Rdc1 Qe7 41. Kf2 1/2-1/2

[Event "Saint John op-2"]
[Site "Saint John CAN"]
[Date "1988.??.??"]
[Round "?"]
[White "Lein, Anatoly"]
[Black "Petursson, Margeir"]
[Result "1-0"]
[WhiteElo "2475"]
[BlackElo "2540"]
[PlyCount "85"]
[GameId "2160767912586796"]
[EventDate "1988.02.08"]
[EventType "swiss"]
[EventRounds "9"]
[EventCountry "CAN"]
[SourceTitle "CBM 06"]

1. d4 Nf6 2. Nf3 e6 3. e3 c5 4. Bd3 d5 5. O-O Nc6 6. b3 Be7 7. Bb2 cxd4 8. exd4 O-O 9. Nbd2 Nb4 10. Be2 b6 11. a3 Nc6 12. Bd3 Bb7 13. Qe2 Re8 14. Rad1 Bf8 15. Ne5 g6 16. f4 Bg7 17. Rf2 Qc7 18. g4 a6 19. h4 h5 20. g5 Nd7 21. Nxg6 fxg6 22. Bxg6 Nf8 23. Bxe8 Rxe8 24. Qxh5 Qf7 25. Qxf7+ Kxf7 26. Nf1 Ng6 27. h5 Nh4 28. Ng3 Nf5 29. Nxf5 exf5 30. Kg2 a5 31. Kf3 Re4 32. c3 Bf8 33. Bc1 Nd8 34. Rg2 Kg8 35. Rh1 Re6 36. h6 Rg6 37. Re2 Bc6 38. Rhe1 Bb5 39. Re3 Nf7 40. Re6 Kh7 41. Rxg6 Kxg6 42. Re6+ Kh5 43. Rxb6 1-0

[Event "Saint John op-2"]
[Site "Saint John CAN"]
[Date "1988.??.??"]
[Round "?"]
[White "Lein, Anatoly"]
[Black "Wilder, Michael"]
[Result "0-1"]
[WhiteElo "2475"]
[BlackElo "2535"]
[PlyCount "100"]
[GameId "2160767912586797"]
[EventDate "1988.02.08"]
[EventType "swiss"]
[EventRounds "9"]
[EventCountry "CAN"]
[SourceTitle "CBM 06"]

1. d4 Nf6 2. c4 e6 3. Nf3 b6 4. Nc3 Bb4 5. Bd2 Bb7 6. e3 O-O 7. Bd3 d5 8. O-O dxc4 9. Bxc4 c5 10. dxc5 Bxc5 11. Qe2 Nbd7 12. e4 a6 13. Bf4 b5 14. Bd3 Nh5 15. Bg5 Be7 16. Be3 Qc7 17. Rfd1 Nc5 18. Bc2 Nf4 19. Qe1 Rad8 20. Bd4 Ng6 21. Rac1 Qb8 22. a3 Nd7 23. Ne2 Bf6 24. Bb1 Bxd4 25. Nexd4 Nde5 26. Nxe5 Qxe5 27. Qe3 Rd7 28. Rd2 Rfd8 29. Rcd1 Qc5 30. b4 Qc7 31. f3 Qb6 32. Kf2 Ne5 33. Ba2 h6 34. Ke2 Qc7 35. Nc2 Rc8 36. Bb3 Rxd2+ 37. Rxd2 a5 38. bxa5 Qxa5 39. Qd4 Nc4 40. Bxc4 bxc4 41. Rd1 c3 42. Kf2 Ba6 43. Qb4 Qc7 44. Qd6 Qc4 45. Kg3 Bb5 46. Rc1 Qe2 47. Nd4 Qe3 48. Rc2 Bd3 49. Qd7 Qg5+ 50. Kf2 Rd8 0-1

[Event "Saint John op-2"]
[Site "Saint John CAN"]
[Date "1988.??.??"]
[Round "?"]
[White "Levitt, Jonathan"]
[Black "Polaczek, Richard"]
[Result "1-0"]
[WhiteElo "2440"]
[BlackElo "2280"]
[PlyCount "89"]
[GameId "2160767912586799"]
[EventDate "1988.02.08"]
[EventType "swiss"]
[EventRounds "9"]
[EventCountry "CAN"]
[SourceTitle "CBM 06"]

1. d4 Nf6 2. c4 e6 3. Nc3 Bb4 4. e3 O-O 5. Bd3 d5 6. Nf3 b6 7. cxd5 exd5 8. O-O c5 9. Qe2 Bg4 10. a3 Bxc3 11. bxc3 c4 12. Bc2 Re8 13. Qe1 Nc6 14. Nd2 Bh5 15. Ra2 Bg6 16. f3 Bxc2 17. Rxc2 Qe7 18. Nb1 Na5 19. Re2 Nb3 20. Nd2 Nxc1 21. Qxc1 Nh5 22. g3 Qg5 23. Kh1 Re6 24. Qe1 Rae8 25. e4 f5 26. e5 Rh6 27. Rg2 f4 28. Kg1 fxg3 29. hxg3 Rg6 30. f4 Qg4 31. Rf3 Nf6 32. Qf2 Nd7 33. Nf1 Rh6 34. Ne3 Qe6 35. g4 Qc6 36. Qc2 Nf8 37. f5 Rh4 38. Rh2 Rxh2 39. Qxh2 h6 40. Rf1 Nh7 41. f6 gxf6 42. Qxh6 Qd7 43. exf6 Kh8 44. f7 Rf8 45. g5 1-0

[Event "Saint John op-2"]
[Site "Saint John CAN"]
[Date "1988.??.??"]
[Round "?"]
[White "Levitt, Jonathan"]
[Black "Torre, Eugenio"]
[Result "1/2-1/2"]
[WhiteElo "2440"]
[BlackElo "2545"]
[PlyCount "107"]
[GameId "2160767912586801"]
[EventDate "1988.02.08"]
[EventType "swiss"]
[EventRounds "9"]
[EventCountry "CAN"]
[SourceTitle "CBM 06"]

1. d4 d6 2. Nf3 Bg4 3. c4 Bxf3 4. exf3 c6 5. Nc3 Nf6 6. d5 Nbd7 7. Be2 g6 8. O-O Bg7 9. Be3 O-O 10. Qd2 Qa5 11. Rab1 Rfc8 12. Rfc1 Qd8 13. f4 cxd5 14. cxd5 Nc5 15. Bf3 Qd7 16. h3 Na4 17. Ne2 Nb6 18. b3 Qd8 19. Nc3 Nfd7 20. Rc2 Rc7 21. Rbc1 Rac8 22. g4 Nf6 23. Kg2 Nfd7 24. g5 f5 25. h4 Kf7 26. h5 Qh8 27. Ne2 Rxc2 28. Rxc2 Rxc2 29. Qxc2 Qc8 30. Qb1 Nf8 31. Qd3 Nbd7 32. Ng3 a6 33. hxg6+ hxg6 34. Nxf5 Nc5 35. Bxc5 Qxc5 36. Nxg7 Kxg7 37. Qe3 Qc7 38. Qd4+ Kf7 39. Bg4 Qc2 40. Qe3 Qxa2 41. Be6+ Nxe6 42. Qxe6+ Kf8 43. Qxg6 Qe2 44. Qf5+ Kg7 45. g6 Kh6 46. Qg5+ Kg7 47. f5 Qe4+ 48. Kh2 Qe5+ 49. Kh3 Qe4 50. Kh2 Qe5+ 51. Kg1 Qe1+ 52. Kg2 Qe4+ 53. Kf1 Qb1+ 54. Kg2 1/2-1/2

[Event "Saint John op-2"]
[Site "Saint John CAN"]
[Date "1988.??.??"]
[Round "?"]
[White "Lindsay, Fred"]
[Black "Garcia, Gildardo"]
[Result "0-1"]
[WhiteElo "2250"]
[BlackElo "2430"]
[PlyCount "50"]
[GameId "2160767912586803"]
[EventDate "1988.02.08"]
[EventType "swiss"]
[EventRounds "9"]
[EventCountry "CAN"]
[SourceTitle "CBM 006"]
[Source "ChessBase"]
[SourceDate "2004.01.01"]
[SourceVersion "1"]
[SourceVersionDate "2004.01.01"]
[SourceQuality "1"]

1. c4 e5 2. Nc3 d6 3. e3 g6 4. d4 Nd7 5. Bd3 Bg7 6. Nge2 Ngf6 7. O-O O-O 8. Bd2 Re8 9. Qc2 exd4 10. exd4 c5 11. Rad1 cxd4 12. Nxd4 Ne5 13. Be2 Bg4 14. Bxg4 Nfxg4 15. h3 Nxc4 16. hxg4 Bxd4 17. Nb5 Nxd2 18. Qxd2 Be5 19. Rc1 Rc8 20. Rxc8 Qxc8 21. f4 Qc5+ 22. Qf2 Bxb2 23. Rb1 Re2 24. Qxc5 dxc5 25. Nxa7 c4 0-1

[Event "Saint John op-2"]
[Site "Saint John CAN"]
[Date "1988.??.??"]
[Round "?"]
[White "Lindsay, Fred"]
[Black "Henao, Raul Fernando"]
[Result "1/2-1/2"]
[WhiteElo "2250"]
[BlackElo "2345"]
[PlyCount "85"]
[GameId "2160767912586805"]
[EventDate "1988.02.08"]
[EventType "swiss"]
[EventRounds "9"]
[EventCountry "CAN"]
[SourceTitle "CBM 006"]
[Source "ChessBase"]
[SourceDate "2004.01.01"]
[SourceVersion "1"]
[SourceVersionDate "2004.01.01"]
[SourceQuality "1"]

1. Nf3 c5 2. c4 Nc6 3. d4 cxd4 4. Nxd4 g6 5. e4 Bg7 6. Be3 Nf6 7. Nc3 O-O 8. Be2 d6 9. Qd2 Nxd4 10. Bxd4 Bd7 11. O-O Bc6 12. f3 a5 13. Rfd1 a4 14. b4 axb3 15. axb3 Rxa1 16. Rxa1 Nd7 17. Bxg7 Kxg7 18. Qd4+ e5 19. Qe3 Nc5 20. b4 Nb3 21. Rb1 Nd4 22. Bd3 Qb6 23. Kh1 Ra8 24. f4 Ra3 25. fxe5 dxe5 26. Nd5 Qd8 27. Rd1 Qh4 28. b5 Bd7 29. Qd2 Bg4 30. Rf1 Rxd3 31. Qxd3 Be2 32. Qb1 Bxf1 33. Qxf1 Qxe4 34. Qf6+ Kh6 35. h4 Qf5 36. b6 Ne6 37. Qe7 e4 38. Nc7 Qf1+ 39. Kh2 Qf4+ 40. Kg1 Qc1+ 41. Kh2 Qf4+ 42. Kh1 Qf1+ 43. Kh2 1/2-1/2

[Event "Saint John op-2"]
[Site "Saint John CAN"]
[Date "1988.??.??"]
[Round "?"]
[White "Makarichev, Sergey"]
[Black "Ball, Stephen"]
[Result "1-0"]
[WhiteElo "2485"]
[BlackElo "2230"]
[PlyCount "47"]
[GameId "2160767912586815"]
[EventDate "1988.02.08"]
[EventType "swiss"]
[EventRounds "9"]
[EventCountry "CAN"]
[SourceTitle "CBM 06"]

1. c4 f5 2. g3 Nf6 3. Bg2 d6 4. Nc3 e6 5. d3 Be7 6. e4 fxe4 7. dxe4 e5 8. h3 Be6 9. Be3 c5 10. Nge2 Nc6 11. b3 Nd4 12. f4 g6 13. O-O Qd7 14. g4 h5 15. f5 hxg4 16. fxe6 Qxe6 17. Nd5 Kd7 18. Nxd4 exd4 19. Nxf6+ Bxf6 20. Qxg4 Qxg4 21. hxg4 Ke6 22. e5 dxe5 23. Bd5+ Ke7 24. g5 1-0

[Event "Saint John op-2"]
[Site "Saint John CAN"]
[Date "1988.??.??"]
[Round "?"]
[White "Makarichev, Sergey"]
[Black "Christiansen, Larry"]
[Result "1/2-1/2"]
[WhiteElo "2485"]
[BlackElo "2575"]
[PlyCount "63"]
[GameId "2160767912586816"]
[EventDate "1988.02.08"]
[EventType "swiss"]
[EventRounds "9"]
[EventCountry "CAN"]
[SourceTitle "CBM 006"]
[Source "ChessBase"]
[SourceDate "2004.01.01"]
[SourceVersion "1"]
[SourceVersionDate "2004.01.01"]
[SourceQuality "1"]

1. e4 c5 2. Nf3 e6 3. c3 d5 4. exd5 exd5 5. d4 Nc6 6. Be3 c4 7. b3 cxb3 8. axb3 Bd6 9. Bd3 h6 10. O-O Nf6 11. Ne5 Nxe5 12. dxe5 Bxe5 13. Bb5+ Bd7 14. Bxd7+ Qxd7 15. Bd4 Bxd4 16. Re1+ Kf8 17. Qxd4 Re8 18. Rxe8+ Qxe8 19. Nd2 a6 20. Nf1 Kg8 21. Ne3 Qb5 22. Qe5 Qxb3 23. h3 Qb2 24. Rd1 Qe2 25. c4 Ne4 26. Qe8+ Kh7 27. Qxf7 Re8 28. Rf1 Ng3 29. Qxe8 Nxf1 30. cxd5 Qe1 31. Qe4+ Kh8 32. Qe8+ 1/2-1/2

[Event "Saint John op-2"]
[Site "Saint John CAN"]
[Date "1988.??.??"]
[Round "?"]
[White "Makarichev, Sergey"]
[Black "Torre, Eugenio"]
[Result "1/2-1/2"]
[WhiteElo "2485"]
[BlackElo "2545"]
[PlyCount "50"]
[GameId "2160767912586818"]
[EventDate "1988.02.08"]
[EventType "swiss"]
[EventRounds "9"]
[EventCountry "CAN"]
[SourceTitle "CBM 06"]

1. e4 d6 2. d4 Nf6 3. Nc3 g6 4. g3 Bg7 5. Bg2 O-O 6. Nge2 e5 7. h3 c6 8. Be3 b5 9. dxe5 dxe5 10. Bc5 Qxd1+ 11. Rxd1 Re8 12. Nc1 a5 13. Nd3 Na6 14. Be3 Nb4 15. Rd2 Nd7 16. O-O Nf8 17. Nc5 Na6 18. Rfd1 Nxc5 19. Bxc5 Ne6 20. Be3 h5 21. h4 Nd4 22. Ne2 Nxe2+ 23. Rxe2 Bg4 24. f3 Be6 25. a3 Red8 1/2-1/2

[Event "Saint John op-2"]
[Site "Saint John CAN"]
[Date "1988.??.??"]
[Round "?"]
[White "Martinovsky, Eugene"]
[Black "Henao, Raul Fernando"]
[Result "1-0"]
[WhiteElo "2295"]
[BlackElo "2345"]
[PlyCount "77"]
[GameId "2160767912586819"]
[EventDate "1988.02.08"]
[EventType "swiss"]
[EventRounds "9"]
[EventCountry "CAN"]
[SourceTitle "CBM 006"]
[Source "ChessBase"]
[SourceDate "2004.01.01"]
[SourceVersion "1"]
[SourceVersionDate "2004.01.01"]
[SourceQuality "1"]

1. d4 g6 2. Nf3 Bg7 3. g3 Nf6 4. Bg2 O-O 5. O-O d5 6. c4 c6 7. cxd5 cxd5 8. Ne5 e6 9. Nc3 Nfd7 10. f4 f6 11. Nd3 Nc6 12. Be3 Nb6 13. Bf2 f5 14. Ne5 Bd7 15. b3 Nc8 16. Qd2 Nd6 17. Rfc1 Rc8 18. a3 Bf6 19. Kh1 Be8 20. Na4 b6 21. Qe3 Ne4 22. Be1 Nxe5 23. dxe5 Be7 24. Bxe4 fxe4 25. Bb4 Bxa4 26. Rxc8 Qxc8 27. Bxe7 Re8 28. Rc1 Qb7 29. Bd6 d4 30. Qxd4 Bxb3 31. Rc7 Qa6 32. Qe3 Qa4 33. g4 Bc4 34. Kg2 Qc2 35. f5 gxf5 36. gxf5 Qa2 37. Kg3 Bxe2 38. Qh6 Qb3+ 39. Kh4 1-0

[Event "Saint John op-2"]
[Site "Saint John CAN"]
[Date "1988.??.??"]
[Round "?"]
[White "Martinovsky, Eugene"]
[Black "Levitt, Jonathan"]
[Result "0-1"]
[WhiteElo "2295"]
[BlackElo "2440"]
[PlyCount "130"]
[GameId "2160767912586820"]
[EventDate "1988.02.08"]
[EventType "swiss"]
[EventRounds "9"]
[EventCountry "CAN"]
[SourceTitle "CBM 006"]
[Source "ChessBase"]
[SourceDate "2004.01.01"]
[SourceVersion "1"]
[SourceVersionDate "2004.01.01"]
[SourceQuality "1"]

1. d4 Nf6 2. Nf3 e6 3. c4 b6 4. g3 Bb7 5. Bg2 Be7 6. O-O O-O 7. Nc3 Ne4 8. Qc2 Nxc3 9. Qxc3 c5 10. b3 d6 11. Bb2 Nd7 12. Rad1 Bf6 13. Qc2 Qc7 14. Rd2 Rfd8 15. Rfd1 Rac8 16. e4 cxd4 17. Nxd4 a6 18. Qd3 Qb8 19. Qe3 Ba8 20. Bf1 Nc5 21. f3 Be7 22. a4 Bf8 23. Nc2 Bc6 24. Nb4 Be8 25. e5 dxe5 26. Bxe5 Rxd2 27. Rxd2 Qb7 28. Nc2 f6 29. Bd6 Bxd6 30. Rxd6 Qc7 31. Rd1 Bg6 32. Ne1 a5 33. f4 Rd8 34. Be2 Rxd1 35. Bxd1 Qd6 36. Be2 Be4 37. Nf3 Bxf3 38. Bxf3 h6 39. Kf2 Qd3 40. Qxd3 Nxd3+ 41. Ke3 Nc5 42. Bd1 Kf8 43. Kd4 Ke7 44. b4 axb4 45. a5 Kd6 46. axb6 e5+ 47. fxe5+ fxe5+ 48. Ke3 Kc6 49. h4 Kxb6 50. Kf3 Kc6 51. Kg4 b3 52. Kf5 b2 53. Bc2 e4 54. Kf4 Kb6 55. Ke3 Ka5 56. Kd4 Kb4 57. h5 Ka3 58. Bb1 Kb3 59. g4 Kb4 60. Bc2 Ka3 61. Bb1 Kb3 62. Ke3 Kc3 63. Ke2 Kxc4 64. Kd2 Kd4 65. Kc2 Na4 0-1

[Event "Saint John op-2"]
[Site "Saint John CAN"]
[Date "1988.??.??"]
[Round "?"]
[White "Martinovsky, Eugene"]
[Black "Petursson, Margeir"]
[Result "0-1"]
[WhiteElo "2295"]
[BlackElo "2540"]
[PlyCount "70"]
[GameId "2160767912586821"]
[EventDate "1988.02.08"]
[EventType "swiss"]
[EventRounds "9"]
[EventCountry "CAN"]
[SourceTitle "CBM 006"]
[Source "ChessBase"]
[SourceDate "2004.01.01"]
[SourceVersion "1"]
[SourceVersionDate "2004.01.01"]
[SourceQuality "1"]

1. d4 Nf6 2. Nf3 e6 3. c4 Bb4+ 4. Bd2 c5 5. g3 Qb6 6. Bxb4 Qxb4+ 7. Qd2 Qxc4 8. Na3 Qa4 9. Rc1 Ne4 10. Qe3 d5 11. dxc5 Na6 12. Nd2 Qb4 13. Nac4 Nxd2 14. Nd6+ Ke7 15. Qg5+ Kd7 16. Qxd2 Qxd2+ 17. Kxd2 Ke7 18. Nb5 Bd7 19. e3 Rhc8 20. Nd6 Rxc5 21. Nxb7 Rxc1 22. Kxc1 Nb4 23. a3 Rc8+ 24. Kb1 d4 25. Bg2 Nd3 26. exd4 Nxf2 27. Re1 Nd3 28. Rd1 Ba4 29. Rd2 Bb3 30. Nc5 Nxc5 31. dxc5 Rxc5 32. Re2 a5 33. Be4 a4 34. Re3 Re5 35. Re2 Bc4 0-1

[Event "Saint John op-2"]
[Site "Saint John CAN"]
[Date "1988.??.??"]
[Round "?"]
[White "Martinovsky, Eugene"]
[Black "Shirazi, Kamran"]
[Result "0-1"]
[WhiteElo "2295"]
[BlackElo "2455"]
[PlyCount "146"]
[GameId "2160767912586822"]
[EventDate "1988.02.08"]
[EventType "swiss"]
[EventRounds "9"]
[EventCountry "CAN"]
[SourceTitle "CBM 006"]
[Source "ChessBase"]
[SourceDate "2004.01.01"]
[SourceVersion "1"]
[SourceVersionDate "2004.01.01"]
[SourceQuality "1"]

1. d4 Nf6 2. Nf3 d6 3. g3 b5 4. Bg2 Bb7 5. O-O g6 6. a4 b4 7. Nbd2 Bg7 8. Re1 Nbd7 9. e4 e5 10. c3 bxc3 11. bxc3 O-O 12. Ba3 exd4 13. cxd4 Re8 14. Qc2 a5 15. Rac1 c5 16. d5 Ng4 17. h3 Nge5 18. Nxe5 Nxe5 19. f4 Nd7 20. Nc4 Nb6 21. Nxb6 Qxb6 22. Rb1 Qa7 23. e5 Ba6 24. Kh2 dxe5 25. Bxc5 Qd7 26. d6 Rac8 27. Qf2 exf4 28. Rxe8+ Qxe8 29. Re1 fxg3+ 30. Qxg3 Qxa4 31. Qf2 Bh6 32. Re4 Bc4 33. Qd4 Bb5 34. Qxa4 Bxa4 35. Rxa4 Rxc5 36. d7 Bg5 37. Re4 Rc1 38. Re8+ Kg7 39. Bf3 Rc3 40. Be4 Rc4 41. Bd5 Rd4 42. d8=Q Bxd8 43. Rxd8 a4 44. Rd7 Kh6 45. Rxf7 Rxd5 46. Ra7 Rd4 47. Ra5 g5 48. Ra6+ Kg7 49. Kg3 Rh4 50. Ra7+ Kf6 51. Ra6+ Ke7 52. Ra5 h6 53. Rd5 Ke6 54. Rd8 Ke5 55. Rd7 Ke4 56. Rd8 Ke3 57. Rd6 Ke2 58. Kg2 g4 59. hxg4 Rxg4+ 60. Kh3 Rc4 61. Rxh6 a3 62. Ra6 Rc3+ 63. Kg4 Kd2 64. Kf4 Kc2 65. Ke4 Kb2 66. Kd4 Rc1 67. Rb6+ Ka1 68. Kd3 a2 69. Kd2 Rb1 70. Rc6 Kb2 71. Rb6+ Ka3 72. Ra6+ Kb3 73. Rb6+ Kc4 0-1

[Event "Saint John op-2"]
[Site "Saint John CAN"]
[Date "1988.??.??"]
[Round "?"]
[White "Nogueiras, Jesus"]
[Black "Delaune, Richard K"]
[Result "1-0"]
[WhiteElo "2560"]
[BlackElo "2405"]
[PlyCount "105"]
[GameId "2160767912586823"]
[EventDate "1988.02.08"]
[EventType "swiss"]
[EventRounds "9"]
[EventCountry "CAN"]
[SourceTitle "CBM 006"]
[Source "ChessBase"]
[SourceDate "2004.01.01"]
[SourceVersion "1"]
[SourceVersionDate "2004.01.01"]
[SourceQuality "1"]

1. d4 e6 2. c4 Nf6 3. Nc3 Bb4 4. Qc2 c5 5. dxc5 Nc6 6. Nf3 O-O 7. Bg5 h6 8. Bxf6 Qxf6 9. e3 Rd8 10. Be2 Bxc5 11. O-O Bf8 12. Rad1 d6 13. Nd2 Qe7 14. Nde4 d5 15. cxd5 exd5 16. Nxd5 Rxd5 17. Rxd5 Nb4 18. Qc5 Nxd5 19. Qxd5 Be6 20. Qa5 Bxa2 21. Qxa2 Qxe4 22. Bc4 Qe7 23. Rc1 b6 24. g3 Rd8 25. Bd5 Rd6 26. e4 Rf6 27. Qb3 Qb4 28. Qxb4 Bxb4 29. Rc8+ Bf8 30. f4 Rd6 31. Rc7 Rd8 32. Rxa7 Bc5+ 33. Kg2 Rf8 34. Kf3 g6 35. e5 Bd4 36. b3 Bc5 37. Ke4 Bg1 38. h3 Bf2 39. g4 Bc5 40. h4 Bf2 41. h5 gxh5 42. gxh5 Bc5 43. f5 Kg7 44. f6+ Kg8 45. Kf5 Bd4 46. Rb7 Bb2 47. Bc4 Bd4 48. b4 Bc3 49. b5 Bd4 50. Bb3 Bc5 51. e6 fxe6+ 52. Bxe6+ Kh8 53. Kg6 1-0

[Event "Saint John op-2"]
[Site "Saint John CAN"]
[Date "1988.??.??"]
[Round "?"]
[White "Nogueiras, Jesus"]
[Black "Georgiev, Krum"]
[Result "1/2-1/2"]
[WhiteElo "2560"]
[BlackElo "2490"]
[PlyCount "26"]
[GameId "2160767912586824"]
[EventDate "1988.02.08"]
[EventType "swiss"]
[EventRounds "9"]
[EventCountry "CAN"]
[SourceTitle "CBM 006"]
[Source "ChessBase"]
[SourceDate "2004.01.01"]
[SourceVersion "1"]
[SourceVersionDate "2004.01.01"]
[SourceQuality "1"]

1. d4 Nf6 2. c4 g6 3. Nc3 Bg7 4. e4 d6 5. Nf3 O-O 6. Be2 e5 7. O-O Nc6 8. d5 Ne7 9. Ne1 Nd7 10. f3 f5 11. Be3 Rf7 12. Nd3 f4 13. Bf2 g5 1/2-1/2